000 03422nab a2200325 i 4500
003 BR-BrBNA
005 20241118135128.0
008 241118b2021 bl.ar|pooa||| 00| 0 eng |
040 _aBR-BrBNA
_beng
072 _aH20
_b1126
072 _aH01
_b4020
100 _aMoreno, Isabel
100 _aTarazona-Velásquez, Rubilma
100 _aCampos-Patiño, Yenifer
100 _aRodríguez-Arévalo, Kevin Alejandro
100 _aKondo, Takumasa
245 _a Prevalence of Dysmicoccus brevipes (Cockerell, 1893) (Hemiptera: Pseudococcidae) in MD2 pineapple crop areas in Colombia
500 _aPublicação online; 33 ref.; 3 tables; 3 illus.; Summaries (En, Pt)
520 _a ABSTRACT - Pineapple mealybug wilt has been reported as one of the most important diseases affecting pineapple crops worldwide. This study aimed to determine the prevalence of mealybugs associated with two agroclimatic zones of pineapple production in the department of Valle del Cauca, Colombia. The survey was conducted in the upper (Dagua, Restrepo, La Cumbre and Vijes) and lower (Buga and Palmira) land zones. A total of 75 MD2 pineapple plots in different development growth stages were evaluated. The mealybugs were recorded mainly in the upper land zone, with a prevalence of 32 %. Concerning the plots growth stages, the highest prevalence was observed in second-cycle plots (13.3 %), followed by third-cycle ones, including abandoned plots (9.3 %), and first-cycle plots (6.7 %), which were associated with the use of pesticides. Dysmicoccus brevipes was the only mealybug species (Pseudococcidae) found on pineapples in the study area. KEYWORDS: Ananas comosus, Dysmicoccus brevipes, mealybug, insect pest.
520 _a RESUMO - Prevalência de Dysmicoccus brevipes (Cockerell, 1893) (Hemiptera: Pseudococcidae) em áreas de cultivo de abacaxi MD2 na Colômbia - A murcha do abacaxizeiro tem sido relatada como uma das doenças mais importantes para a cultura do abacaxi em todo o mundo. Objetivou-se determinar a prevalência de cochonilhas associadas a duas zonas agroclimáticas de produção de abacaxi no departamento de Valle del Cauca, Colômbia. A pesquisa foi realizada nas zonas alta (Dagua, Restrepo, La Cumbre e Vijes) e baixa (Buga e Palmira). Um total de 75 parcelas de abacaxi MD2 em diferentes etapas de desenvolvimento foi avaliado. As cochonilhas foram registradas principalmente na zona alta, com prevalência de 32 %. Em relação às etapas de crescimento das parcelas, a maior prevalência foi observada nas parcelas do segundo ciclo (13,3 %), seguidas pelas do terceiro ciclo, incluindo as parcelas abandonadas (9,3 %), e as do primeiro ciclo (6,7 %), que esteve associado ao uso de agrotóxicos. Dysmicoccus brevipes foi a única espécie de cochonilha farinhenta (Pseudococcidae) encontrada em abacaxis na área de estudo. PALAVRAS-CHAVE: Ananas comosus, Dysmicoccus brevipes, cochonilha, inseto-praga.
650 _aABACAXI
650 _aDOENÇA DE PLANTA
650 _aCOCHONILHA
650 _aLEVANTAMENTO FITOSSANITÁRIO
650 _aCOLÔMBIA
773 0 _03248
_9317347
_dGoiânia-GO UFG. Escola de Agronomia 1999
_o2024-3999
_tPesquisa Agropecuária Tropical (Brazil)
_x1517-6398
_gv. 51 p. 1-8; (2021)
_wBR2024003448
856 _uhttps://www.scielo.br/j/pat/a/4hs4wwFr5GSjpFNc7XVX4sG/?format=pdf&lang=en
942 _cANA
999 _c328691
_d328691